000 00318nam a22001457a 4500
008 210310b ||||| |||| 00| 0 eng d
020 _a9780271020884
041 _aeng
080 _a94
082 _a94
100 _a16
101 _aHIS
245 _aLiberty, Equality, Fraternity
_cCenser,J.R
942 _2udc
_cBK
999 _c56225
_d56225